| 000 | 01505ngm a2200373 4500 | ||
|---|---|---|---|
| 003 | dpl | ||
| 005 | 20081119101549.0 | ||
| 007 | DVD | ||
| 008 | ||||||sp199 xxu|||||c ||| 00| 0 ng d | ||
| 010 | _aDVD-001164-1166 | ||
| 024 |
_aTSDVD 1213 _c45.00 |
||
| 035 | _aDVD-001164-1166 | ||
| 040 |
_aDPL _cDPL |
||
| 082 | _aDVD / BHAK | ||
| 245 |
_aBhakt Prahlad _cA V M Production Presents _h[videorecording] DVD/ |
||
| 246 | _a. | ||
| 260 | _bSuper Cassettes Industries Limited | ||
| 300 |
_a1 videodisc DVD; _bsd., col. ; _c4 3/4 in. _fDVD |
||
| 440 | _aT Series Home Entertainment | ||
| 538 | _aDolby Digital 5.1 - Hindi Subtitles: English | ||
| 650 | _aMotion Picture | ||
| 700 | _aMurti, Narayan | ||
| 700 | _aSantoshi | ||
| 700 | _aRao, Rajeshwar | ||
| 700 | _aRajgopal Krishan | ||
| 700 | _aRangarav, S. V. | ||
| 700 | _aAnjali Devi | ||
| 700 | _aRajendra Natrh | ||
| 942 |
_cCF _2ddc _hDVD _mBHAK |
||
| 999 |
_c18654 _d18654 |
||